[Event "Centrocoop June op-A"]
[Site "Eforie Nord "]
[Date "1998.??.??"]
[Round "?"]
[White "Svetushkin, Dmitry"]
[Black "Belov, Vladimir"]
[Result "1-0"]
[WhiteElo "2415"]
[BlackElo "2280"]

1.e4 c5 2.Nf3 d6 3.Bb5+ Bd7 4.Bxd7+ Qxd7 5.O-O Nf6 6.Qe2 Nc6 7.b3 g6 8.Bb2 Bg7
9.c3 O-O 10.d4 cxd4 11.cxd4 d5 12.e5 Ne4 13.Nbd2 Nxd2 14.Qxd2 f5 15.Rfe1 Nd8
16.h4 f4 17.e6 Nxe6 18.Qe2 Nd8 19.Qxe7 Qxe7 20.Rxe7 Rf7 21.Re8+ Rf8 22.Rxf8+ Kxf8
23.Re1 Nc6 24.Re6 Kf7 25.Ng5+ Kg8 26.h5 gxh5 27.Nh3 f3 28.gxf3 Nxd4 29.Bxd4 Bxd4
30.Rd6 Bb6 31.Rxd5 Rd8 32.Rg5+ Kf8 33.Rxh5 Rd2 34.a4 a6 35.Re5 Rd7 36.Ng5 Kg7
37.Ne4 Kf8 38.f4 Rd3 39.f5 Rxb3 40.f6 Rd3 41.Re6 Ba5 42.Nd6 Rd1+ 43.Kg2 Re1
44.Ne4 b5 45.axb5 axb5 46.Kf3 b4 47.Ra6 Bc7 48.Ng5 Bb8 49.Rb6 Re8 50.Rb7 Rc8
51.Nxh7+ Kg8 52.f7+ Kh8  1-0

[Event "Centrocoop June op-A"]
[Site "Eforie Nord "]
[Date "1998.??.??"]
[Round "?"]
[White "Svetushkin, Dmitry"]
[Black "Pozin, Sergey"]
[Result "0-1"]
[WhiteElo "2415"]
[BlackElo "2390"]

1.e4 c5 2.Nf3 d6 3.Bb5+ Nd7 4.O-O Nf6 5.Re1 a6 6.Bf1 e5 7.c3 Be7 8.d4 O-O
9.Nbd2 b5 10.a4 Rb8 11.g3 Re8 12.Bg2 Bf8 13.Qc2 cxd4 14.cxd4 Bb7 15.axb5 axb5
16.d5 Nc5 17.Bf1 Rc8 18.Qb1 Qb6 19.b4 Na4 20.Qd3 Ng4 21.Qxb5 Qxf2+ 22.Kh1 Nc3
23.Qxb7 f5 24.Qa7 Ra8 25.Qxf2 Nxf2+ 26.Kg2 Rxa1 27.Kxf2 fxe4 28.Nb3 Ra2+
29.Nfd2 Rb8 30.b5 Be7 31.Kg1 Ra4 32.Bb2 Nxb5 33.Rxe4 Ra2 34.Bc1 Nc3 35.Re3 Rc8
36.Re1 Kf7 37.Nc4 Nxd5 38.Ba3 Rc6 39.Nbd2 Nf6 40.Re3 Ke8 41.Rd3 e4 42.Nxd6+ Rxd6
43.Bxd6 exd3 44.Bxe7 Kxe7 45.Nc4 d2 46.Ne3 Ra1  0-1

[Event "Centrocoop June op-A"]
[Site "Eforie Nord "]
[Date "1998.??.??"]
[Round "?"]
[White "Khruschiov, Alexey"]
[Black "Roitiburd, Talic"]
[Result "1/2-1/2"]
[WhiteElo "2215"]
[BlackElo "2000"]

1.e4 c5 2.Nf3 d6 3.Bb5+ Bd7 4.Bxd7+ Qxd7 5.c4 Nc6 6.Nc3 g6 7.d4 cxd4 8.Nxd4 Bg7
9.Be3 Nf6 10.f3 O-O 11.O-O Rac8 12.b3 a6 13.Nde2 Qc7 14.Rc1 Qa5 15.a4 Rfd8
16.Nd5 Nxd5 17.exd5 Ne5 18.Nd4 Nd7 19.f4 Nc5 20.f5 Qb6 21.fxg6 hxg6 22.Rb1 Qc7
23.Qg4 Qd7 24.Qh4 e5 25.dxe6 Nxe6 26.Nxe6 Qxe6 27.Rbe1 Re8 28.Bh6 Be5 29.Re3 f5
30.Bg5 Rc7 31.Rh3 Rb8  1/2-1/2

[Event "Centrocoop June op-A"]
[Site "Eforie Nord "]
[Date "1998.??.??"]
[Round "?"]
[White "Khruschiov, Alexey"]
[Black "Petrenko, Svetlana"]
[Result "1/2-1/2"]
[WhiteElo "2215"]
[BlackElo "2275"]

1.e4 c5 2.Nf3 d6 3.Bb5+ Nd7 4.O-O a6 5.Bxd7+ Bxd7 6.d4 Bg4 7.c3 Nf6 8.Re1 e6
9.Nbd2 cxd4 10.cxd4 d5 11.e5 Nd7 12.h3 Bh5 13.g4 Bg6 14.h4 h5 15.Ng5 Be7
16.Nf1 hxg4 17.Qxg4 Bf5 18.Qg3 f6 19.exf6 gxf6 20.Nxe6 Bxe6 21.Rxe6 Kf7 22.Qh3 Nf8
23.Re2 Qd7 24.Qxd7 Nxd7 25.Ng3 Rag8 26.Kf1 Nb8 27.Nf5 Bf8 28.Bf4 Nc6 29.Bg3 Rh5
30.Ne3 Nxd4 31.Rd2 Nf5 32.Nxf5 Rxf5 33.Kg2 Bc5 34.a3 d4 35.Rc1 Rd5 36.Rd3 a5
37.b4 axb4 38.axb4 Bb6 39.Kf3 Rf5+ 40.Ke4 Rb5 41.Rc4 Re8+ 42.Kf3 Ke6 43.Rb3 Ra8
44.Bf4 Rf5 45.Rc2 Rh8 46.Kg4 Rfh5 47.Bg3 Rd5 48.Rd3 Rb5 49.Rb3 Rd8 50.Kf3 Ra8
51.Bc7 Rc8 52.Re2+ Kf5 53.Bxb6 Rxb6 54.b5 Rc3+ 55.Rxc3 dxc3 56.Rc2 Rxb5 57.Rxc3 b6
58.Kg3 Rb1 59.Rc8 Rg1+ 60.Kf3 Rb1 61.Rb8 Rb3+ 62.Kg2 Kg4 63.Rh8 f5 64.h5 Kg5
65.h6 Kg6 66.Kh2 Rb4 67.Kg3 Rg4+ 68.Kf3 Rh4 69.Rb8 Rb4 70.Rh8 Rh4 71.Rb8 Rb4
72.Rh8 b5 73.h7 Rb3+ 74.Kf4 Rb2 75.f3 Rb4+ 76.Ke5 Rb3 77.Rb8 Kxh7 78.Kxf5  1/2-1/2

[Event "Centrocoop June op-A"]
[Site "Eforie Nord "]
[Date "1998.??.??"]
[Round "?"]
[White "Khruschiov, Alexey"]
[Black "Burnoiu, Costel"]
[Result "1-0"]
[WhiteElo "2215"]
[BlackElo "2240"]

1.e4 c5 2.Nf3 d6 3.Bb5+ Bd7 4.Bxd7+ Qxd7 5.c4 e5 6.Nc3 Ne7 7.d3 h6 8.Be3 Nbc6
9.Qd2 g5 10.Ng1 Bg7 11.Nge2 f5 12.exf5 Nxf5 13.Ne4 b6 14.N2c3 Nce7 15.Qc2 O-O-O
16.O-O d5 17.cxd5 Nxd5 18.Nxd5 Qxd5 19.Rfd1 Kb8 20.a4 a5 21.Ra3 Ka7 22.Rb3 Nd4
23.Bxd4 exd4 24.Rb5 Qc6 25.b4 axb4 26.Rxb4 Rhe8 27.Rc4 Bf8 28.Rb1 Re6 29.Qb3 Ka6
30.f3 Rg6 31.Rc2 g4 32.Qc4+ Ka7 33.fxg4 Rxg4 34.a5 Rxe4 35.dxe4 Qxe4 36.axb6+ Kb8
37.Ra1 Re8 38.Rca2 Qe3+ 39.Kf1 Qf4+ 40.Rf2 Qe4 41.Qa6 Qb7 42.Qb5 Rd8 43.Rfa2 Qf7+
44.Kg1  1-0

[Event "Centrocoop June op-A"]
[Site "Eforie Nord "]
[Date "1998.??.??"]
[Round "?"]
[White "Khokhlov, Veceslav"]
[Black "Kozlitin, Oleg"]
[Result "1/2-1/2"]
[WhiteElo "2175"]
[BlackElo "2000"]

1.e4 c5 2.Nf3 d6 3.Bb5+ Bd7 4.Bxd7+ Qxd7 5.O-O g6 6.Re1 Bg7 7.Nc3 e5 8.Nd5 Ne7
9.c3 Nbc6 10.Nxe7 Qxe7 11.d3 O-O 12.Be3 Rae8 13.d4 cxd4 14.cxd4 exd4 15.Nxd4 Qxe4
16.Nb5 Qb4  1/2-1/2

[Event "Centrocoop June op-B"]
[Site "Eforie Nord"]
[Date "1998.??.??"]
[Round "?"]
[White "Manu, Daniela"]
[Black "Petrov, Alexander"]
[Result "1-0"]
[WhiteElo "2040"]
[BlackElo "1650"]

1.e4 c5 2.Nf3 d6 3.Bb5+ Bd7 4.Bxd7+ Qxd7 5.O-O Nc6 6.Re1 Nf6 7.d3 e6 8.c3 Be7
9.Nbd2 O-O 10.Nf1 h6 11.h3 Rfd8 12.N3h2 Ne5 13.f4 Ng6 14.Ng3 d5 15.e5 Ne8
16.Qg4 Nh4 17.Ngf1 d4 18.c4 Qc6 19.Nd2 Nf5 20.Ne4 b5 21.b3 bxc4 22.bxc4 Qa4
23.Qe2 g6 24.g4 Nfg7 25.Qg2 Qa5 26.Qd2 Qb6 27.Ba3 Rab8 28.Rab1 Qc7 29.Nf3 h5
30.Kg2 Rb6 31.Rxb6 axb6 32.Rb1 Qa7 33.Rb3 Nc7 34.Qb2 Ra8 35.Nxd4 cxd4 36.Bxe7 Qxa2
37.Kf3 Nge8 38.Rxb6 hxg4+ 39.Kxg4 Ra6 40.Rb8 Kg7 41.Nf6  1-0

[Event "Centrocoop Sept op-B"]
[Site "Eforie Nord"]
[Date "1998.??.??"]
[Round "?"]
[White "Moskaliuk, Natalia"]
[Black "Costescu, Marina"]
[Result "0-1"]
[WhiteElo "2290"]
[BlackElo "2050"]

1.e4 c5 2.Nf3 d6 3.Bb5+ Bd7 4.Bxd7+ Nxd7 5.d4 cxd4 6.Qxd4 Ngf6 7.O-O g6 8.Nc3 Bg7
9.Be3 O-O 10.Qd2 Nb6 11.Bh6 Nc4 12.Qc1 Qa5 13.Bxg7 Kxg7 14.a3 Rac8 15.b4 Qh5
16.Re1 Ne5 17.Nxe5 Rxc3 18.Nf3 Rfc8 19.Ra2 Nxe4 20.Rxe4 Qd5 21.Qf4 e5 22.Qh4 Qxa2
23.Re1 Rxc2  0-1

[Event "Centrocoop Sept op-B"]
[Site "Eforie Nord"]
[Date "1998.??.??"]
[Round "?"]
[White "Manu, Daniela"]
[Black "Pasc, Cristina"]
[Result "1/2-1/2"]
[WhiteElo "2040"]
[BlackElo "2005"]

1.e4 c5 2.Nf3 d6 3.Bb5+ Bd7 4.Bxd7+ Nxd7 5.O-O g6 6.Re1 Bg7 7.c3 e5 8.d3 Ne7
9.Nbd2 O-O 10.Nc4 Qc7 11.Bg5 f6 12.Bh4 Rad8 13.Qb3 Kh8 14.Rad1 Nb6 15.Nxb6 axb6
16.Nd2 Qc6 17.Nc4 b5 18.Ne3 g5 19.Bg3 f5 20.exf5 Nxf5 21.Nxf5 Rxf5 22.Qc2 Rdf8
23.Qe2 Qd5 24.a3 Qf7 25.f3 h5 26.h3 Qg6 27.Qe4 R8f7 28.Rf1 Kh7  1/2-1/2

[Event "Espoo We MatSK"]
[Site "Espoo"]
[Date "1998.??.??"]
[Round "4"]
[White "Kiik, Kalle"]
[Black "Sammalvuo, Tapani"]
[Result "1-0"]
[WhiteElo "2445"]
[BlackElo "2395"]

1.e4 c5 2.Nf3 d6 3.Bb5+ Nc6 4.c3 Nf6 5.Qe2 Qb6 6.d4 cxd4 7.cxd4 a6 8.Ba4 d5
9.exd5 Nxd5 10.Nc3 Nxc3 11.bxc3 Qa5 12.Bxc6+ bxc6 13.O-O Be6 14.Bd2 Qd5 15.Ne5 f6
16.Nd3 Qc4 17.Qe3 Bf5 18.Nb2 Qb5 19.Bc1 Rb8 20.c4 Qb4 21.Qf3 Bd7 22.d5 cxd5
23.cxd5 Qg4 24.Qe3 Kf7 25.Qa7 Rb5 26.h3 Qf5 27.d6 Rd5 28.Nc4 Qe6 29.Ba3 Rd3
30.dxe7 Bxe7 31.Rfe1 Qxc4 32.Rxe7+ Kg6 33.Rxd7 Rxa3 34.Rxg7+ Kh6 35.Rg4 Qc3
36.Qg7+  1-0

[Event "FIN-chT 9798"]
[Site "Finland"]
[Date "1998.??.??"]
[Round "6"]
[White "Keskisarja, Teemu"]
[Black "Tella, Jussi"]
[Result "1-0"]
[WhiteElo "2315"]
[BlackElo "2335"]

1.e4 c5 2.Nf3 d6 3.Bb5+ Bd7 4.Bxd7+ Qxd7 5.O-O Nc6 6.c3 Nf6 7.d4 Nxe4 8.d5 Nd8
9.Re1 Nf6 10.Bg5 e6 11.Bxf6 gxf6 12.Nh4 Rg8 13.Qd3 Qa4 14.Re4 Qa6 15.c4 Kd7
16.Nc3 f5 17.Nxf5 exf5 18.Re3 Rg5 19.f4 Rh5 20.Qe2 Rh6 21.Re8 Re6 22.dxe6+ Kxe8
23.Nd5 Rc8 24.Nf6+ Ke7 25.Nd5+ Ke8 26.exf7+ Kxf7 27.Qh5+ Kg7 28.Qg5+ Kh8
29.Qxf5 Ne6 30.Qxe6 b6 31.f5 Rb8 32.b3 Qb7 33.f6 b5 34.Ne7 Bh6 35.f7 Bg5
36.Nf5 Rf8 37.Nxd6 Qe7 38.Re1 Qxe6 39.Rxe6 bxc4 40.Re8 Kg7 41.bxc4 Bf4 42.Re6 Rd8
43.Re8  1-0

[Event "FIN-chT 9798"]
[Site "Finland"]
[Date "1998.??.??"]
[Round "6"]
[White "Vaatainen, Timo"]
[Black "Kauppinen, Martti"]
[Result "1-0"]
[WhiteElo "2245"]
[BlackElo "2245"]

1.e4 c5 2.Nf3 d6 3.Bb5+ Nc6 4.O-O g6 5.c4 Bd7 6.d4 cxd4 7.Nxd4 Bg7 8.Be3 Nf6
9.Nc3 O-O 10.h3 a6 11.Nxc6 bxc6 12.Ba4 c5 13.e5 Bxa4 14.Qxa4 Nd7 15.exd6 exd6
16.Qc2 Ne5 17.b3 f5 18.Rad1 f4 19.Bxc5 f3 20.Be3 Qh4 21.Qe4 Qh5 22.Rxd6 Rae8
23.Rfd1 Nf7 24.Re6 Rxe6 25.Qxe6 Bxc3 26.Rd5 Be5 27.Bf4 fxg2 28.Rxe5 Qh4 29.Bg5 Qd4
30.Rd5 Qb2 31.Bh6 Ra8 32.Rd7 Qb1+ 33.Kxg2 Qf5 34.Qxf5 gxf5 35.Bf4 Kg7 36.c5 Kf6
37.Rb7 Ke6 38.Kf3 h5 39.b4 Nd8 40.Rb6+ Kd5 41.Rd6+ Kc4 42.c6 Kb5 43.c7 Nc6
44.Be3  1-0

[Event "FIN-chT 9798"]
[Site "Finland"]
[Date "1998.??.??"]
[Round "6"]
[White "Raisa, Unto"]
[Black "Kanko, Ilkka"]
[Result "0-1"]
[WhiteElo "2195"]
[BlackElo "2270"]

1.e4 c5 2.Nf3 d6 3.Bb5+ Bd7 4.Bxd7+ Qxd7 5.O-O Nc6 6.c3 Nf6 7.Re1 e6 8.d4 cxd4
9.cxd4 d5 10.e5 Ne4 11.Nbd2 Nxd2 12.Bxd2 Be7 13.Bg5 Bb4 14.Bd2 a5 15.Bxb4 axb4
16.a3 O-O 17.Qd3 h6 18.h3 Ra4 19.axb4 Nxb4 20.Qb3 Rfa8 21.Rxa4 Qxa4 22.Qc3 Nc6
23.Rc1 Qb5 24.Nd2 Ra4 25.Nf3 Rb4 26.Rc2 Rb3 27.Qd2 Qd3 28.Qc1 Nxd4 29.Rc8+ Kh7
30.Nxd4 Qxd4 31.Qc2+ Qd3 32.Qxd3+ Rxd3 33.Rc7 Rd1+ 34.Kh2 Rd2 35.Rxf7 Rxb2
36.Kg3 Kg8 37.Re7 Rb6 38.Rd7 Kf8 39.f4 Rb1 40.Kf3 b5 41.g4 b4 42.Kg2 b3 43.Rb7 b2
44.Rb6 d4 45.f5 d3 46.Rb8+ Ke7 47.Rb7+ Kd8 48.f6 gxf6 49.exf6 Ke8  0-1

[Event "Pyramiden Franken Cup"]
[Site "Fuerth"]
[Date "1998.??.??"]
[Round "3"]
[White "Oratovsky, Michael"]
[Black "Wendt, Rene"]
[Result "1-0"]
[WhiteElo "2465"]
[BlackElo "2310"]

1.e4 c5 2.Nf3 d6 3.Bb5+ Nd7 4.O-O Nf6 5.Re1 a6 6.Bf1 g6 7.c3 Bg7 8.d4 O-O
9.e5 dxe5 10.dxe5 Ng4 11.e6 fxe6 12.h3 Nge5 13.Ng5 Nb6 14.Qxd8 Rxd8 15.Bf4 Nd3
16.Rd1 Rf8 17.Rxd3 Rxf4 18.Rd8+ Rf8 19.Rd3 Rf4 20.Rd8+ Bf8 21.Nd2 Rf5 22.Nc4 Bd7
23.Rxf8+ Raxf8 24.Nxb6 Bb5 25.Nf3 Bxf1 26.Kxf1 Rd8 27.Ke2 e5 28.Nc4 e4 29.Nfd2 b5
30.Ne3 Rxd2+ 31.Kxd2 Rxf2+ 32.Kd1 Kf7 33.Rb1 Ke6 34.Ke1 Rf8 35.Ke2 h5 36.Rd1 Rc8
37.Rd2 Rf8 38.Rd5 Rc8 39.Rd1 Rf8 40.b3 Rc8 41.Rf1 Rd8 42.Rd1 Rf8 43.c4 Rb8
44.Rd2 Rf8 45.Rc2 Kd6 46.Nd1  1-0

[Event "BCF-chTB 98/99"]
[Site "GBR"]
[Date "1998.??.??"]
[Round "1"]
[White "Tait, Jonathan"]
[Black "Adams, Mark"]
[Result "1/2-1/2"]
[WhiteElo "2185"]
[BlackElo "2025"]

1.e4 c5 2.Nf3 d6 3.Bb5+ Bd7 4.a4 a6 5.Bxd7+ Qxd7 6.O-O Nc6 7.d3 Nf6 8.Nbd2 e6
9.Nc4 Qc7 10.Bf4 Nd7 11.Re1 e5 12.Bd2 g6 13.Ne3 Nf6 14.a5 Bg7 15.c4 O-O 16.Qa4 Rad8
17.b4 Nxb4 18.Bxb4 cxb4 19.Qxb4 Rd7 20.Nd2 Rc8 21.Nb1 Bh6 22.Nc3 Bxe3 23.fxe3 Qd8
24.Na4 Rc6 25.Nb6 Rdc7 26.Rf1 Ne8 27.Rf3 Re7 28.Nd5 Rd7 29.Nb6 Re7 30.Nd5 Rd7
31.Nb6 Re7  1/2-1/2

[Event "BCF-chTB 98/99"]
[Site "GBR"]
[Date "1998.??.??"]
[Round "4"]
[White "O'Shaughnessy, Conor"]
[Black "Tan, Desmond"]
[Result "1-0"]
[WhiteElo "2210"]
[BlackElo "2110"]

1.e4 c5 2.Nf3 d6 3.Bb5+ Bd7 4.Bxd7+ Qxd7 5.O-O Nc6 6.c3 Nf6 7.d4 cxd4 8.cxd4 d5
9.e5 Ng8 10.Nc3 e6 11.h4 h5 12.Bg5 Nge7 13.Rc1 Nf5 14.a3 Be7 15.Qd2 O-O 16.Ne2 a5
17.Ng3 Bxg5 18.Qxg5 Nxg3 19.fxg3 Qd8 20.Qxh5 Qb6 21.Kh2 f6 22.exf6 Rxf6 23.Ng5  1-0

[Event "BCF-chT2 97/98"]
[Site "GBR"]
[Date "1998.??.??"]
[Round "9"]
[White "Richards, John"]
[Black "Miles, Richard J"]
[Result "0-1"]
[WhiteElo "2045"]
[BlackElo "2090"]

1.e4 c5 2.Nf3 d6 3.Bb5+ Bd7 4.Bxd7+ Qxd7 5.O-O Nc6 6.c3 Nf6 7.d4 cxd4 8.cxd4 Nxe4
9.d5 Ne5 10.Nxe5 dxe5 11.Re1 Nd6 12.Rxe5 g6 13.Bg5 O-O-O 14.Re2 h6 15.Qd4 Rg8
16.Qxa7 Qg4 17.Rc2+ Kd7 18.f3 Qxg5 19.Nc3 e6 20.dxe6+ fxe6 21.Rd1 Ke8 22.Re2 Kf7
23.f4 Qf6 24.Rde1 Be7 25.Qe3 Rge8 26.g4 Nc4 27.Qc1 Qh4 28.Ne4 Nd6 29.Qc2 Rc8
30.Qd3 Nxe4 31.Qxe4 Qxg4+ 32.Kh1 Rc6 33.Rg2 Qf5 34.Qf3 Qd5 35.Qg4 Rg8 36.Rd1 Qf5
37.Qf3 Rd8 38.Rxd8 Bxd8 39.Qd1 Qd5 40.Qxd5 exd5  0-1

[Event "Genoa op"]
[Site "Genoa"]
[Date "1998.??.??"]
[Round "6"]
[White "Vujovic, Milorad"]
[Black "Cebalo, Miso"]
[Result "0-1"]
[WhiteElo "2270"]
[BlackElo "2515"]

1.e4 c5 2.Nf3 d6 3.Bb5+ Nd7 4.a4 a6 5.Bc4 e6 6.O-O Ngf6 7.Re1 b6 8.d4 cxd4
9.Nxd4 Qc7 10.Ba2 Nc5 11.Nc3 Be7 12.f4 Bb7 13.Qf3 O-O 14.b4 Ncd7 15.Bb2 d5
16.exd5 Bxb4 17.Qg3 Bc5 18.Ne2 Ne4 19.Qf3 Bxd5 20.Bxd5 exd5 21.Ng3 Ndf6 22.Nf5 Qd7
23.g4 Rac8 24.Re2 Rfe8 25.Kh1 Nd6 26.Nxd6 Bxd6 27.Nf5 Rxe2 28.Qxe2 Re8 29.Qf3 Qe6
30.Nxg7 Kxg7 31.g5 Qe4 32.gxf6+ Kh6 33.Rf1 Bxf4 34.Qxe4 Rxe4 35.Rd1 Re2 36.Rxd5 Rxh2+
37.Kg1 Rxc2 38.Bd4 Rd2 39.Rd8 Rxd4  0-1

[Event "Genoa op"]
[Site "Genoa"]
[Date "1998.??.??"]
[Round "8"]
[White "Efimov, Igor"]
[Black "Cebalo, Miso"]
[Result "1/2-1/2"]
[WhiteElo "2525"]
[BlackElo "2515"]

1.e4 c5 2.Nf3 d6 3.Bb5+ Nd7 4.d4 cxd4 5.Qxd4 Nf6 6.Nc3 a6 7.Bxd7+ Bxd7 8.Bg5 h6
9.Bxf6 gxf6 10.Nd5 Rc8 11.O-O-O Bg7 12.Nh4 e6 13.Ne3 Rc6 14.f4 O-O 15.f5 Qa5
16.Kb1 Rfc8 17.Rhf1 Qb6 18.Qd2 h5 19.b3 Bh6 20.Nc4 Bxd2 21.Nxb6 Rxb6 22.Rxd2 e5
23.Rfd1 Kf8 24.g3 Ke7 25.Ng2 Bc6 26.Rxd6 Rb4 27.Ne3 Rxe4 28.R6d3 h4 29.g4 h3
30.c4 Kf8 31.Kb2 Kg7 32.Rg1 Rf4 33.Nd1 Bg2 34.Ne3 Rf2+ 35.Ka3 Be4 36.Rd6 Rc6
37.Rd7 Rxh2 38.g5 fxg5 39.Rxg5+ Kf6 40.Rh5 Bf3 41.Rh7 Kg5 42.Rdxf7 Kf4 43.Nd5+ Bxd5
44.cxd5 Rd6 45.f6 Kf5 46.Rh5+ Ke4 47.Re7 Rxf6 48.Rexe5+ Kd4 49.Reg5 Kc5 50.Rg3 Rff2
51.Rc3+ Kd6 52.Rcxh3 Rxa2+ 53.Kb4 Rxh3 54.Rxh3 Kxd5 55.Rh5+ Kc6 56.Rh6+ Kc7
57.Rh7+ Kb6 58.Rh6+ Ka7 59.Kc3 Rg2 60.Rf6 Rg7 61.Rh6 Rd7 62.Rg6 Kb8 63.b4 Rd5
64.Kb3 Kc7 65.Kc4 Rd6 66.Rg3 Rc6+ 67.Kb3 Rf6 68.Rc3+ Kd6 69.Rd3+ Ke5 70.Ka4 b6
71.Rh3 Rd6 72.Rh5+ Kd4 73.Rh4+  1/2-1/2

[Event "Asia-ch (Women)"]
[Site "Genting Highlands"]
[Date "1998.??.??"]
[Round "?"]
[White "Xu Yuhua"]
[Black "Khegai, Angela"]
[Result "1-0"]
[WhiteElo "2380"]
[BlackElo "2225"]

1.e4 c5 2.Nf3 d6 3.Bb5+ Bd7 4.Bxd7+ Qxd7 5.c4 Nc6 6.d4 cxd4 7.Nxd4 g6 8.Nc3 Bg7
9.Nde2 Nf6 10.O-O O-O 11.f3 Rac8 12.Kh1 Ne5 13.b3 a6 14.a4 Qc7 15.Bg5 e6
16.Qd2 Rfd8 17.Rfd1 Qb6 18.Rab1 h6 19.Be3 Qb4 20.Bxh6 Nfg4 21.fxg4 Nxg4 22.Be3  1-0

[Event "Oberliga Sued W9798"]
[Site "GER"]
[Date "1998.??.??"]
[Round "?"]
[White "Klein, Joachim"]
[Black "Schwing, Hans Elmar"]
[Result "1-0"]
[WhiteElo "2150"]
[BlackElo "2315"]

1.e4 c5 2.Nf3 d6 3.Bb5+ Bd7 4.Bxd7+ Nxd7 5.O-O Ngf6 6.Re1 e6 7.b3 Be7 8.Bb2 O-O
9.d4 cxd4 10.Qxd4 Qb6 11.Qxb6 Nxb6 12.c4 Nbd7 13.Nc3 Rfd8 14.Rad1 Kf8 15.Ba3 Nc5
16.Nd4 a6 17.Bxc5 dxc5 18.Nc2 Rxd1 19.Rxd1 Rd8 20.Rxd8+ Bxd8 21.a3 Bc7 22.f3 Nd7
23.Kf2 Be5 24.Nd1 Nb8 25.g3 Nc6 26.b4 cxb4 27.axb4 g5 28.Ke2 b6 29.b5 axb5
30.cxb5 Na7 31.Na3 Bd6 32.Nc2 Nxb5 33.Kd3 Nc7 34.Nde3 Bc5 35.Kc4 Ke7 36.Ng4 Ne8
37.Kb5 Nd6+ 38.Kc6 Nc4 39.Kb5 Nd6+ 40.Kc6 Nc4 41.Kb5 Nd2 42.Ne5 f6 43.Nc6+ Kd6
44.N2d4 Nf1 45.f4 gxf4 46.gxf4 Nxh2 47.e5+ fxe5 48.fxe5+ Kd5 49.Ne2 Be3 50.Nc3+  1-0

[Event "Oberliga Sued W9798"]
[Site "GER"]
[Date "1998.??.??"]
[Round "?"]
[White "Scherer, Ralf"]
[Black "Parulava, Temur"]
[Result "1-0"]
[WhiteElo "2195"]
[BlackElo "2275"]

1.e4 c5 2.Nf3 d6 3.Bb5+ Bd7 4.Bxd7+ Nxd7 5.d4 cxd4 6.Nxd4 Ngf6 7.Qe2 Qb6
8.Nb3 e6 9.c4 Rc8 10.O-O Qc6 11.N3d2 Be7 12.b3 Nc5 13.Nc3 O-O 14.Bb2 a6 15.Rae1 Rfe8
16.f4 Nfd7 17.e5 d5 18.Rf3 f5 19.Kh1 Ne4 20.cxd5 exd5 21.Rc1 Qe6 22.Qd3 Nxc3
23.Rxc3 Bb4 24.Rxc8 Rxc8 25.Nf1 Bc5 26.h3 Ba7 27.Bd4 Bxd4 28.Qxd4 Rc1 29.Kh2 g6
30.Ne3 Nb6 31.Rf2 Qc6 32.Rd2 Qc5 33.Nxd5 Nxd5 34.Qxd5+ Qxd5 35.Rxd5 Rc7 36.Rd8+ Kf7
37.Rb8 Ke6 38.Kg3 Kd5 39.Kh4 Ke4 40.Kg5 Rc6 41.Rh8 Rc2 42.g4 fxg4 43.hxg4 h5
44.e6 Rc7 45.gxh5 gxh5 46.Rxh5  1-0

[Event "Oberliga Nord O9899"]
[Site "GER"]
[Date "1998.??.??"]
[Round "?"]
[White "Grottke, Hans Joachim"]
[Black "Rossmann, Helmut"]
[Result "1-0"]
[WhiteElo "2255"]
[BlackElo "2280"]

1.e4 c5 2.Nf3 d6 3.Bb5+ Nc6 4.d4 cxd4 5.Qxd4 Bd7 6.Bxc6 Bxc6 7.Nc3 Nf6 8.Bg5 e6
9.O-O-O Be7 10.Rhe1 O-O 11.Qd2 Qc7 12.Nd4 Rfc8 13.f3 b5 14.Kb1 b4 15.Nce2 Be8
16.g4 a5 17.h4 a4 18.Rc1 Qb7 19.h5 b3 20.cxb3 axb3 21.a3 Rc5 22.Be3 Bd8 23.Nc3 Ba5
24.Nde2 Rcc8 25.h6 Bb5 26.hxg7 Bxe2 27.Rxe2 Qa6 28.Ree1 e5 29.Rh1 d5 30.g5 d4
31.gxf6  1-0

[Event "Oberliga Ost B9899"]
[Site "GER"]
[Date "1998.??.??"]
[Round "?"]
[White "Henzner, Rainer"]
[Black "Jakel, Wolfgang"]
[Result "0-1"]
[WhiteElo "2140"]
[BlackElo "2210"]

1.e4 c5 2.Nf3 d6 3.Bb5+ Bd7 4.Bxd7+ Qxd7 5.c4 Qg4 6.O-O Qxe4 7.d4 Nd7 8.Re1 Qc6
9.dxc5 Nxc5 10.Nd4 Qd7 11.Nc3 e6 12.Ndb5 Be7 13.b4 Na6 14.Ne4 d5 15.cxd5 Qxb5
16.dxe6 fxe6 17.Nd6+ Bxd6 18.Qxd6 Qd7 19.Qe5 Nf6 20.b5 Nc7 21.Ba3 Kf7 22.Rad1 Ncd5
23.h3 Rhe8 24.g4 h6 25.Bb2 Qxb5 26.Ba1 Rac8 27.h4 Rc4 28.f3 Qc5+ 29.Bd4 Qc7  0-1

[Event "BL2-S9798"]
[Site "Germany"]
[Date "1998.??.??"]
[Round "?.2"]
[White "Mueller, Ralf"]
[Black "Werner, Marc"]
[Result "1-0"]
[WhiteElo "2370"]
[BlackElo "2365"]

1.e4 c5 2.Nf3 d6 3.Bb5+ Bd7 4.a4 Nc6 5.O-O Nf6 6.Qe2 a6 7.Bxc6 Bxc6 8.e5 dxe5
9.Nxe5 Qd5 10.f4 Rc8 11.d3 e6 12.Na3 Be7 13.Nac4 Qd8 14.Bd2 Nd5 15.Na5 Nb4
16.Bxb4 cxb4 17.Naxc6 bxc6 18.b3 O-O 19.Kh1 Bf6 20.Rae1 Qd5 21.Qf2 c5 22.Qe2 g6
23.Qg4 Rfd8 24.Re4 Rc7 25.Rfe1 Kg7 26.Qh3 Kg8 27.Ng4 Bg7 28.Re5 Qd4 29.Qh4 Rcd7
30.Nf6+ Bxf6 31.Qxf6 Rd5 32.h4 Rxe5 33.fxe5 h5 34.Re4 Qa1+ 35.Kh2 Rd4 36.Re2 Qd1
37.Rf2 Rd7 38.Qf4 Kg7 39.Qg5 Kg8 40.Qe3 Rd4 41.g3 Kg7 42.Qg5 Rd7 43.Kg2 Kg8
44.Qf4 Qg4 45.Qxg4 hxg4 46.Rf4 Rd5 47.Re4 Kg7 48.Kf2 Kh6 49.Ke3 g5 50.hxg5+ Kxg5
51.a5 Kf5 52.Rf4+ Kxe5 53.Rxf7 Rd8 54.Rg7 Rb8 55.Rxg4 Rb5 56.d4+ cxd4+ 57.Rxd4 Rxa5
58.Rxb4 Rc5 59.Re4+ Kd6 60.Rd4+ Kc6 61.Kd3 Rf5 62.Rc4+ Kd6 63.g4 Rf3+ 64.Ke2 Rf7
65.Ra4 Ra7 66.Ra5  1-0

[Event "Oberliga Ost B9798"]
[Site "Germany"]
[Date "1998.??.??"]
[Round "?.8"]
[White "Henzner, Rainer"]
[Black "Valevsky, Libor"]
[Result "1/2-1/2"]
[WhiteElo "2215"]
[BlackElo "2210"]

1.e4 c5 2.Nf3 d6 3.Bb5+ Bd7 4.Bxd7+ Qxd7 5.c4 Nc6 6.O-O g6 7.Nc3 Bg7 8.Rb1 e6
9.d3 Nge7 10.Be3 Nd4 11.Bxd4 cxd4 12.Ne2 e5 13.Ne1 O-O 14.Nc2 f5 15.Nb4 f4
16.f3 h5 17.Nd5 Bf6 18.Nxe7+ Bxe7 19.Qb3 Rad8 20.Qb5 Qxb5 21.cxb5 d5 22.Rbc1 dxe4
23.fxe4 Bd6 24.Rc4 Rc8 25.Rxc8 Rxc8 26.Rc1 Rf8 27.Kf2 Kf7 28.Ng1 Ke6 29.Nf3 Kd7
30.Rc4 Rg8 31.Nd2 g5 32.Ra4 Bb8 33.Rc4 Bd6 34.Ra4 Rc8 35.Rc4 Rc7 36.Ke2 Ke6
37.Rxc7 Bxc7 38.Nc4 g4 39.Kf2 Kf6 40.Nd2 Kg5 41.Nc4 h4 42.a4 Kf6  1/2-1/2

[Event "BL2-S9798"]
[Site "Germany"]
[Date "1998.??.??"]
[Round "?.5"]
[White "Estrada Nieto, Julian"]
[Black "Mandel, Andreas"]
[Result "1/2-1/2"]
[WhiteElo "2420"]
[BlackElo "2340"]

1.e4 c5 2.Nf3 d6 3.Bb5+ Bd7 4.Bxd7+ Qxd7 5.O-O Nc6 6.d4 cxd4 7.Nxd4 Nf6 8.Nc3 e6
9.Bg5 Be7 10.Qd2 O-O 11.Rad1 Rfd8 12.Qe2 a6 13.f4 h6 14.Bxf6 Bxf6 15.Nb3 Bxc3
16.bxc3 Qe7 17.Rd3 Rac8 18.Rfd1 d5 19.exd5 Rxd5 20.Rxd5 exd5 21.Qf2 Rd8 22.a4 Qc7
23.Rd3 Qe7 24.h3 Rd6 25.Nd4 Nxd4 26.Qxd4 b5 27.axb5 axb5 28.Qe5 Qd7 29.Kh2 Qe6
30.Qxe6 fxe6 31.g4 Kf7 32.Kg3 Rc6 33.f5 Rc4 34.Re3 exf5 35.gxf5 Kf6 36.Rf3 Ke5
37.Rd3 Re4 38.Kg2 Rf4 39.Rg3 Kxf5 40.Rxg7 Rc4 41.Rf7+ Ke5 42.Rf3 d4 43.cxd4+ Kxd4
44.Rd3+ Ke4 45.Rd2 Rc3 46.Kh2 h5 47.Kg2 h4 48.Rf2 Re3 49.Rd2 b4 50.Rf2 Rg3+
51.Kh2 Rf3 52.Rd2 Re3 53.Kg2 Rg3+ 54.Kh2 Rc3 55.Kg2 Ke3 56.Rf2 Rc4 57.Kf1 Rd4
58.Re2+ Kf3 59.Ke1 Rc4 60.Rd2 Re4+ 61.Kd1 Rf4 62.Rd3+ Kg2 63.Rb3 Rf3 64.Rxb4 Kxh3
65.Ke2 Rf8 66.Rb7 Re8+ 67.Kd3 Rg8 68.c4 Kg3 69.c5 h3 70.Rh7 Rc8 71.Rg7+ Kf2  1/2-1/2

[Event "BL2-W9798"]
[Site "Germany"]
[Date "1998.??.??"]
[Round "?.1"]
[White "Richter, Wolfgang"]
[Black "Balcerak, Jakob"]
[Result "0-1"]
[WhiteElo "2460"]
[BlackElo "2250"]

1.e4 c5 2.Nf3 d6 3.Bb5+ Nd7 4.d4 Nf6 5.Nc3 cxd4 6.Qxd4 e5 7.Qd3 h6 8.Be3 Be7
9.O-O O-O 10.Bc4 a6 11.Rfd1 Kh7 12.Bb3 Qc7 13.Nd2 Nc5 14.Bxc5 Qxc5 15.h3 Be6
16.Qe2 b5 17.a3 Rac8 18.Nf1 Bd8 19.Ne3 Bb6 20.Ned5 Nxd5 21.Nxd5 Ba7 22.Ne3 Bxb3
23.cxb3 Qc6 24.Nf5 Qc2 25.Rd2 Qxb3 26.Rad1 f6 27.Rxd6 Rc2 28.R1d2 Rc1+ 29.Kh2 Bc5
30.R2d3 Qc2 31.Qh5  0-1

[Event "Oberliga Nord W9798"]
[Site "Germany"]
[Date "1998.??.??"]
[Round "?.2"]
[White "Boehnisch, Manfred"]
[Black "Lau, Udo"]
[Result "1-0"]
[WhiteElo "2315"]
[BlackElo "2255"]

1.e4 c5 2.Nf3 d6 3.Bb5+ Bd7 4.Bxd7+ Nxd7 5.O-O Ngf6 6.Re1 g6 7.c3 Bg7 8.d4 cxd4
9.cxd4 O-O 10.Nc3 Qa5 11.Bg5 h6 12.Bd2 Qh5 13.Qb3 e5 14.dxe5 dxe5 15.Qxb7 g5
16.Re3 Rfd8 17.Ne2 Qg6 18.Ng3 Nc5 19.Qb4 Nfd7 20.Bc3 Qe6 21.Qa5 a6 22.Rd1 Rdb8
23.b4 Nb7 24.Qc7 Nb6 25.Nf5 Bf8 26.Nxe5 Na4 27.Ba1 Qxa2 28.Ra3 Qe6 29.Rxa4 Nd8
30.Qc3  1-0

[Event "Oberliga Nord O9798"]
[Site "Germany"]
[Date "1998.??.??"]
[Round "?"]
[White "Seils, Joerg"]
[Black "Kyritz, Michael"]
[Result "1-0"]
[WhiteElo "2370"]
[BlackElo "2270"]

1.e4 c5 2.Nf3 d6 3.Bb5+ Bd7 4.Bxd7+ Qxd7 5.O-O Nc6 6.c3 d5 7.e5 e6 8.d3 Nge7
9.Bf4 h6 10.d4 Ng6 11.Bg3 Rc8 12.h4 cxd4 13.cxd4 Bb4 14.a3 Ba5 15.Nbd2 Bxd2
16.Qxd2 O-O 17.h5 Nge7 18.Bf4 f5 19.exf6 Rxf6 20.Ne5 Qe8 21.g4 Nxe5 22.Bxe5 Rf3
23.Kg2 Qf7 24.Qe2 Rb3 25.Rad1 Nc6 26.Bg3 Na5 27.Rfe1 Rc6 28.Rd3 Rxd3 29.Qxd3 Rc4
30.b3 Rc6 31.Qb5 Ra6 32.Re3 Nc6 33.Qc5 Qe7 34.b4 Qxc5 35.dxc5 Nd4 36.Bd6 Nb5
37.Rxe6 Rxa3 38.Re7 Rb3 39.Be5 Rxb4 40.Rxg7+ Kf8 41.Rxb7 Rxg4+ 42.Kh3 Re4
43.Bg7+ Kg8 44.Bxh6 Nd4 45.Rxa7 Ne6 46.c6 Rc4 47.Rd7 Rxc6 48.Rxd5 Rc4 49.Kg3 Nd4
50.f4 Kf7 51.Bg5 Ne6 52.Rd7+ Kg8 53.h6 Nf8 54.Rg7+ Kh8 55.Bf6  1-0